Kajian Kejayaan Usahawan Amanah Ikhtiar Malaysia : Kes-kes Terpilih Di Selangor.

Bibliographic Details
Corporate Author: Institut Tadbiran Awam Negara (INTAN)
Format: Book
Published: INTAN: Kuala Lumpur, 2010.
LEADER 00632cam a2200193 7i4500
001 0000013017
005 20151104090000.0
005 ##20151104113800.0
003 ##MY-KlINT
039 # 9 |y 201511041138  |z VLOAD 
090 0 0 |a CS 038   |b INS 
245 1 0 |a Kajian Kejayaan Usahawan Amanah Ikhtiar Malaysia :   |b Kes-kes Terpilih Di Selangor. 
260 # # |a INTAN:   |b Kuala Lumpur,   |c 2010. 
300 # # |a 69ms:   |b ill;   |c 30cm. 
500 # # |a Mengandungi bibliografi 
500 # # |a Koleksi Case Study 
710 0 # |a Institut Tadbiran Awam Negara (INTAN)  
999 |a 0000066669  |b BOOK  |c Main Non-Fiction  |e INTAN BK 
999 |a 1109066670  |b BOOK  |c Main Non-Fiction  |e INTAN BK